Fisiología médica (Registro nro. 35633)

Detalles MARC
000 -CABECERA
Longitud fija campo de control 00784nam a2200241 b 4500
003 - IDENTIFICADOR DELl NÚMERO DE CONTROL
Identificador del número de control OSt
005 - FECHA Y HORA DE LA ÚLTIMA TRANSACCIÓN
Fecha y hora de la última transacción 20250213171407.0
008 - CÓDIGOS DE INFORMACIÓN DE LONGITUD FIJA
Códigos de información de longitud fija 090113s2020 mex ||| ||spa c
020 ## - NÚMERO INTERNACIONAL NORMALIZADO PARA LIBROS
Número Internacional Normalizado para Libros (ISBN) 978-1-4562-7569-3
040 ## - FUENTE DE LA CATALOGACIÓN
Centro catalogador de origen BCRI
Centro transcriptor BCRI
082 ## - NÚMERO DE LA CLASIFICACIÓN DECIMAL DEWEY
Númeroo de clasificación 612
100 1# - PUNTO DE ACCESO PRINCIPAL-NOMBRE DE PERSONA
9 (RLIN) 8074
Nombre de persona Ganong, William F.
Fechas asociadas al nombre 1924-2007
245 10 - MENCIÓN DE TÍTULO
Título Fisiología médica
Mención de responsabilidad, etc. Ganong ; Kim E. Barrett...[et al.]; [traducción, Cape Books]
250 ## - MENCIÓN DE EDICIÓN
Mención de edición 26ª ed
260 ## - PUBLICACIÓN, DISTRIBUCIÓN, ETC. (PIE DE IMPRENTA)
Lugar de publicación, distribución, etc. México, D.F. [etc.]
Nombre del editor, distribuidor, etc. McGraw-HIll
Fecha de publicación, distribución, etc. 2020
300 ## - DESCRIPCIÓN FÍSICA
Extensión IX, 741 p.
Otras características físicas il., gráf.
Dimensiones 27 cm
546 ## - NOTA DE LENGUA
Nota de lengua Traducción de:
594 ## - NOTA AL TÍTULO Y MENCIÓN DE RESPONSABIBLIDAD
Nota Al Título Y Mención De Responsabilidad Precede al tít.: A Lange medical book
594 ## - NOTA AL TÍTULO Y MENCIÓN DE RESPONSABIBLIDAD
Nota Al Título Y Mención De Responsabilidad Traducción de: Ganong's review of a medical physiology, 23rd ed.
650 24 - PUNTO DE ACCESO ADICIONAL DE MATERIA - TÉRMINO DE MATERIA
Término de materia o nombre geográfico como elemento inicial Fisiología humana
9 (RLIN) 580
700 ## - PUNTO DE ACCESO ADICIONAL - NOMBRE DE PERSONA
9 (RLIN) 8046
Nombre de persona Barrett, Kim E.
942 ## - ENTRADA DE ELEMENTOS AGREGADOS (KOHA)
Fuente de clasificaión o esquema Dewey Decimal Classification
Koha [por defecto] tipo de item 1- Monografias
Existencias
Suprimido Perdido Fuente de clasificación o esquema Estropeado Restricciones de uso No para préstamo Código de colección Localización permanente Localización actual Localización en estanter&íacute;as Fecha adquisición Fuente de adquisición Número de inventario Préstamos totales Signatura completa Código de barras Fecha última consulta Coste, precio reemplazado Fecha del precio de reemplazo Tipo de item de Koha Renovaciones totales Fecha último préstamo
NULL NULL Dewey Decimal Classification NULL Prestable NULL NULL Biblioteca Miguel de Cervantes - UNICAES Biblioteca Miguel de Cervantes - UNICAES Sala Principal 30/01/2025 Compra-Facultad de Ciencias de la Salud 036264   612 GAN fis 1052983 06/02/2025 88.00 06/02/2025 1- Monografias    
NULL NULL Dewey Decimal Classification NULL Prestable NULL NULL Biblioteca Miguel de Cervantes - UNICAES Biblioteca Miguel de Cervantes - UNICAES Sala Principal 30/01/2025 Compra-Facultad de Ciencias de la Salud 036265 1 612 GAN fis 1052984 07/07/2025 88.00 06/02/2025 1- Monografias 1 11/06/2025
NULL NULL Dewey Decimal Classification NULL Prestable NULL NULL Biblioteca Miguel de Cervantes - UNICAES Biblioteca Miguel de Cervantes - UNICAES Sala Principal 30/01/2025 Compra-Facultad de Ciencias de la Salud 036266   612 GAN fis 1052985 06/02/2025 88.00 06/02/2025 1- Monografias